000 00378nam a2200133Ia 4500
008 190926s9999||||xx |||||||||||||| ||und||
082 _a242
_bGAU/Y
100 _aGaud, Ashoka Kumar
245 0 _aYagya Rahasyam-Ashok Kumar Gaur Praneet: Indu Hindi Teeka Se Alankrit
250 _a1
260 _aVaranasi
_bThakur Prasad and Sans Bookseller
_c1985
300 _a415
942 _cBK
999 _c9612
_d9612